Select all Australian states that... - Statistics

General Stats
  • This quiz has been taken 18 times
    17 since last reset
  • The average score is 32 of 48
Answer Stats
Question Tile Select % Correct
Australian states with more than 4% of their population being indigenous. Victoria No
94%
Australian states that border New South Wales. (Doesn't include New South Wales) New South Wales No
88%
Australian states that have an average income higher than $55,000. New South Wales Yes
88%
Australian states with a city that has a population over 1 million. New South Wales Yes
88%
Australian states that have a 3 letter abbreviation. New South Wales Yes
88%
Australian states with a population higher than 3 million. New South Wales Yes
88%
Australian states with a population higher than 3 million. Tasmania No
88%
Australian states with a city that has a population over 1 million. Victoria Yes
88%
Australian states with a population higher than 3 million. Victoria Yes
88%
Australian states with a population higher than 3 million. Queensland Yes
81%
Australian states that have a 3 letter abbreviation. South Australia No
81%
Australian states that border New South Wales. (Doesn't include New South Wales) Tasmania No
81%
Australian states with a city that has a population over 1 million. Tasmania No
81%
Australian states with a time zone that has UTC +_:30 in it. Tasmania No
81%
Australian states that border New South Wales. (Doesn't include New South Wales) Victoria Yes
81%
Australian states with more than 4% of their population being indigenous. Western Australia Yes
81%
Australian states that border New South Wales. (Doesn't include New South Wales) Western Australia No
81%
Australian states that have a 3 letter abbreviation. Western Australia No
81%
Australian states with a time zone that has UTC +_:30 in it. New South Wales No
75%
Australian states that border New South Wales. (Doesn't include New South Wales) Queensland Yes
75%
Australian states with a city that has a population over 1 million. Queensland Yes
75%
Australian states that border New South Wales. (Doesn't include New South Wales) South Australia Yes
75%
Australian states with a population higher than 3 million. South Australia No
75%
Australian states that have a 3 letter abbreviation. Victoria Yes
75%
Australian states with a time zone that has UTC +_:30 in it. Victoria No
75%
Australian states with a city that has a population over 1 million. Western Australia Yes
75%
Australian states that have an average income higher than $55,000. Tasmania No
69%
Australian states with a population higher than 3 million. Western Australia No
69%
Australian states that have a 3 letter abbreviation. Queensland Yes
63%
Australian states with a time zone that has UTC +_:30 in it. Queensland No
63%
Australian states with more than 4% of their population being indigenous. South Australia No
63%
Australian States with a poverty rate lower than 13% South Australia No
63%
Australian states that have an average income higher than $55,000. South Australia No
63%
Australian States with a poverty rate lower than 13% Victoria Yes
63%
Australian states with a time zone that has UTC +_:30 in it. South Australia Yes
56%
Australian states that have a 3 letter abbreviation. Tasmania Yes
56%
Australian States with a poverty rate lower than 13% Tasmania Yes
50%
Australian States with a poverty rate lower than 13% Western Australia Yes
50%
Australian states that have an average income higher than $55,000. Western Australia Yes
50%
Australian states with a time zone that has UTC +_:30 in it. Western Australia No
50%
Australian states with more than 4% of their population being indigenous. Queensland Yes
44%
Australian States with a poverty rate lower than 13% Queensland No
44%
Australian states with a city that has a population over 1 million. South Australia Yes
44%
Australian states with more than 4% of their population being indigenous. Tasmania Yes
38%
Australian States with a poverty rate lower than 13% New South Wales No
25%
Australian states that have an average income higher than $55,000. Queensland No
25%
Australian states with more than 4% of their population being indigenous. New South Wales Yes
6%
Australian states that have an average income higher than $55,000. Victoria No
6%
No matching quizzes found
Score Distribution
Percent of People with Each Score
Percentile by Number Answered
Your Score History
You have not taken this quiz since the last reset